000 01086cam a2200289 a 4500
999 _c1567
_d1567
001 3104597
003 OSt
005 20190904103026.0
008 990105s1999 maua b 001 0 eng
010 _a 99158637
020 _a075067072X
040 _aDLC
_cDLC
_dDLC
050 0 0 _aTA347.F5
_bR36 1999
082 0 0 _a620
_221
_bRAO 1999
100 1 _aRao, Singiresu S.,
_d1944-
_94173
245 1 4 _aThe Finite Element Method in Engineering
250 _a3rd ed.
260 _aBoston :
_bButterworth Heinemann,
_c1999.
300 _axix, 556 p. :
_bill. ;
_c26 cm.
504 _aIncludes bibliographical references and index.
650 0 _aEngineering mathematics.
_94174
856 4 1 _3Table of contents
_uhttp://www.loc.gov/catdir/toc/els033/99158637.html
856 4 2 _3Publisher description
_uhttp://www.loc.gov/catdir/description/els033/99158637.html
906 _a7
_bcbu
_corignew
_d2
_encip
_f19
_gy-gencatlg
942 _2ddc
_cSLOAN